000 003490000a22001090004500
090 _aAS
_bSeriadas
245 1 0 _aHombre colombiano y su medio ambiente
041 0 _aEspañol
100 1 _aAyala Ramírez, Jaime
_911524
942 _cARTICULO
773 1 _tRevista de la Academia Colombiana de Ciencias Exactas, Fisicas y Naturales
_332
_h55
_q59-65
_d1976
_g14
999 _c14024
_d14024